000 00613cam a2200193 a 4500
020 _a0697221733
040 _cDLC
082 0 0 _a612 BRO 1994 A055 Or.
100 1 _aJohnson, George B.
245 1 0 _aHuman biology :
_bexploring concepts /
260 _aDubuque, Iowa :
_bWm. C. Brown Publishers,
_cc1994.
300 _axxiv, 406, [32] p. :
_bill. (some col.) ;
_c28 cm.
500 _aIncludes index.
650 0 _aHuman biology.
650 0 _aHuman ecology.
856 4 2 _uhttp://www.loc.gov/catdir/description/mh022/93073944.html
856 4 1 _uhttp://www.loc.gov/catdir/toc/mh022/93073944.html
942 _cEK
999 _c15288
_d15288